Harry Potter and the Mega Profile: Part II Quiz Stats

 Plays Quiz Updated Oct 19, 2016

Challenge
Share
Tweet
Embed
Score 0/40 Timer 07:00
10 Plays Today
% Correct
Alastor Moody
95.4%
Death Eaters
94.6%
Quidditch World Cup
94.1%
Triwizard tournament
93.3%
Viktor Krum
93.2%
Barty Crouch Jr.
90.7%
Severus Snape
89.2%
Bellatrix Lestrange
88.9%
Goblet of Fire
88.8%
Horcruxes
88.1%
Dolores Umbridge
88.1%
Cho Chang
87.6%
Order of the Phoenix
87.4%
Portkey
87.1%
Kreacher
86.1%
Fleur Delacour
85.8%
Dementor
85.5%
Potions
85.2%
Lord Voldemort
85.1%
Patronus
84.8%
% Correct
Horace Slughorn
81.9%
Ministry of Magic
81%
Gringotts
80.2%
Nagini
79.2%
Godric Gryffindor
77.5%
Xenophilius Lovegood
75.9%
Hungarian Horntail
75.8%
Centaurs
75.5%
The Daily Prophet
75.2%
Avada Kedavra
73.4%
Mundungus Fletcher
72.7%
Resurrection Stone
70.6%
Vanishing Cabinet
67.8%
Pensieve
66.6%
Marvolo Gaunt
66.2%
Griphook
63.2%
Inferi
60.1%
High Inquisitor
54.6%
12 Grimmauld Place
53.3%
Wizengamot
41.6%

You're not logged in!

Compare scores with friends on all Sporcle quizzes.
Join for Free
OR
Log In

You Might Also Like...

Show Comments

Extras

Top Quizzes Today


Score Distribution

Your Account Isn't Verified!

In order to create a playlist on Sporcle, you need to verify the email address you used during registration. Go to your Sporcle Settings to finish the process.

Report this User

Report this user for behavior that violates our Community Guidelines.

Details: